Statistics for ALL Post Towns of South West England on a Map!

Click here to take the quiz!

General Stats

  • This quiz has been taken 207 times
  • The average score is 54 of 188

Answers on the Map

Answers color-coded by a green-red scale on the quiz's map according to % correct below.
 

Answer Stats

HintPostal Town% Correct
BSBristol
94%
PLPlymouth
94%
EXExeter
89%
GLGloucester
82%
TRTruro
81%
BABath
79%
BHBournemouth
74%
BHPoole
72%
TQTorquay
71%
TRPenzance
71%
SNSwindon
67%
TATaunton
64%
TRSt. Ives
64%
BSWeston-super-Mare
64%
SPSalisbury
63%
GLCheltenham
62%
TRNewquay
61%
BAYeovil
58%
DTDorchester
57%
DTWeymouth
57%
TRFalmouth
56%
EXExmouth
52%
TQPaignton
50%
EXBarnstaple
49%
BHChristchurch
47%
PLSt. Austell
47%
TQDartmouth
45%
TAMinehead
45%
EXBideford
44%
EXBude
42%
DTLyme Regis
42%
PLBodmin
41%
SNChippenham
41%
BAFrome
41%
TRRedruth
41%
BAWells
41%
BAGlastonbury
40%
PLPadstow
40%
DTPortland
40%
EXIlfracombe
39%
BHSwanage
39%
EXTiverton
38%
TABridgwater
37%
SNDevizes
37%
GLStroud
37%
TQTeignmouth
37%
TQTotnes
37%
BATrowbridge
37%
GLCirencester
36%
PLLooe
36%
TQNewton Abbot
36%
EXOkehampton
36%
PLSaltash
34%
EXHoniton
33%
TRIsles of Scilly
33%
TRCamborne
32%
EXDawlish
32%
PLLaunceston
32%
PLLiskeard
32%
GLTewkesbury
32%
BAWestbury
32%
GLWestbury-on-Severn
32%
EXAxminster
31%
TQSalcombe
31%
TQBrixham
30%
TABurnham-on-Sea
30%
PLFowey
30%
EXSidmouth
30%
DTBridport
29%
PLTavistock
29%
BSCheddar
27%
SNMalmesbury
27%
BHRingwood
27%
SPAndover
26%
EXLynmouth
26%
SNMarlborough
26%
SNMelksham
26%
SPShaftesbury
26%
PLTintagel
26%
BHWareham
26%
BAWarminster
26%
EXWoolacombe
26%
TAChard
25%
TRHelston
25%
EXLynton
25%
PLWadebridge
25%
BHWimborne
25%
DTBlandford Forum
24%
BSClevedon
24%
TAWellington
24%
BABradford-on-Avon
23%
TRHayle
23%
PLIvybridge
23%
EXOttery St. Mary
23%
EXSeaton
23%
BAShepton Mallet
23%
BAStreet
23%
EXCrediton
22%
EXCullompton
22%
TRMarazion
22%
PLPar
22%
DTSherborne
22%
EXBudleigh Salterton
21%
PLCamelford
21%
BACastle Cary
21%
SPGillingham
21%
TAIlminster
21%
TQKingsbridge
21%
PLPort Isaac
21%
TRSt. Agnes
21%
BAWincanton
21%
SNCalne
20%
SNCorsham
20%
TACrewkerne
20%
GLLydney
20%
TRPenryn
20%
TASomerton
20%
BHVerwood
20%
BHFerndown
19%
PLLostwithiel
19%
GLMoreton-in-Marsh
19%
PLYelverton
19%
DTBeaminster
18%
GLBerkeley
18%
PLBoscastle
18%
EXBraunton
18%
TQBuckfastleigh
18%
GLDursley
18%
BARadstock
18%
EXSouth Molton
18%
SPTidworth
18%
PLTorpoint
18%
BSAxbridge
17%
GLNewent
17%
TRPerranporth
17%
BABruton
16%
GLCinderford
16%
SPFordingbridge
16%
EXHolsworthy
16%
BHNew Milton
16%
TAStoke-sub-Hamdon
16%
PLCalstock
15%
PLGunnislake
15%
TAHighbridge
15%
TQSouth Brent
15%
DTSturminster Newton
15%
GLTetbury
15%
EXUmberleigh
15%
PLCallington
14%
GLChipping Campden
14%
GLColeford
14%
EXColyton
14%
PLDelabole
14%
TADulverton
14%
TALangport
14%
SNPewsey
14%
TRSt. Columb
14%
EXTorrington
14%
TAWatchet
14%
BSWedmore
14%
GLWotton-under-Edge
14%
BHBroadstone
13%
EXChulmleigh
13%
GLFairford
13%
GLLechlade
13%
EXNorth Tawton
13%
GLStonehouse
13%
BATemplecombe
13%
BSBanwell
12%
GLBlakeney
12%
SNFaringdon
12%
PLLifton
12%
GLLonghope
12%
TAMartock
12%
GLNewnham
12%
EXWinkleigh
12%
GLBadminton
11%
EXBeaworthy
11%
GLDrybrook
11%
GLDymock
11%
TAHinton St. George
11%
TAMerriott
11%
GLMitcheldean
11%
TAMontacute
11%
TASouth Petherton
11%
BSWinscombe
11%
GLLydbrook
10%
GLRuardean
10%

Score Distribution

Percentile by Number Answered

Percent of People with Each Score

Your Score History

You have not taken this quiz